अंतिम संक्षेप / (Record no. 115243)

MARC details
000 -LEADER
fixed length control field 00962nam a22002537a 4500
005 - DATE AND TIME OF LATEST TRANSACTION
control field 20170124103021.0
010 ## - LIBRARY OF CONGRESS CONTROL NUMBER
LC control number A-690889
020 ## - INTERNATIONAL STANDARD BOOK NUMBER
Terms of availability 50.00
035 ## - SYSTEM CONTROL NUMBER
System control number A-690889
037 ## - SOURCE OF ACQUISITION
Source of stock number/acquisition Cen Lib/Ret
040 ## - CATALOGING SOURCE
Original cataloging agency DPL
Language of cataloging HN
082 ## - DEWEY DECIMAL CLASSIFICATION NUMBER
Classification number
Item number जोशीमा
100 ## - MAIN ENTRY--PERSONAL NAME
Personal name जोशी, मालती
9 (RLIN) 60559
245 ## - TITLE STATEMENT
Title अंतिम संक्षेप /
Statement of responsibility, etc मालती जोशी
246 ## - VARYING FORM OF TITLE
Title proper/short title Antim sanshep /
Remainder of title by Maalti Joshi
260 ## - PUBLICATION, DISTRIBUTION, ETC. (IMPRINT)
Place of publication, distribution, etc दिल्ली
Name of publisher, distributor, etc विकास पेपरबैक्स
Date of publication, distribution, etc 1994
270 ## - ADDRESS
Address IX/221, मेन बाजार, गांधीनगर
City दिल्ली
Postal code 110031
300 ## - PHYSICAL DESCRIPTION
Extent 131पृ.
Dimensions 17सेमी (सजिल्द)
650 ## - SUBJECT ADDED ENTRY--TOPICAL TERM
Topical term or geographic name as entry element हिन्दी -- साहित्य
9 (RLIN) 60560
650 ## - SUBJECT ADDED ENTRY--TOPICAL TERM
Topical term or geographic name as entry element हिन्दी -- कहानी
9 (RLIN) 779
650 ## - SUBJECT ADDED ENTRY--TOPICAL TERM
Topical term or geographic name as entry element Hindi -- Literature
9 (RLIN) 60561
650 ## - SUBJECT ADDED ENTRY--TOPICAL TERM
Topical term or geographic name as entry element Hindi -- story
9 (RLIN) 43117
942 ## - ADDED ENTRY ELEMENTS (KOHA)
Source of classification or shelving scheme Dewey Decimal Classification
Koha item type Hindi Books
Classification part
Call number suffix जोशीमा
Holdings
Withdrawn status Lost status Damaged status Not for loan Home library Current library Date acquired Source of acquisition Cost, normal purchase price Total Checkouts Full call number Barcode Date last seen Date checked out Copy number Cost, replacement price Price effective from Koha item type
        Central Library Central Library 19/08/2015 Cen Lib/Ret 50.00 3 क जोशीमा A-690889 18/03/2019 08/03/2019 1 50.00 19/08/2015 Hindi Books

© Delhi Public Library
Hit Counter
free hit counter